Los acuerdos de paz y la reforma estructurakl y democratica del estado /
Guardado en:
| Autor principal: | |
|---|---|
| Formato: | Texto |
| Materias: | |
| Etiquetas: |
Agregar Etiqueta
Sin Etiquetas, Sea el primero en etiquetar este registro!
|
MARC
| LEADER | 00000 a a2200000 04500 | ||
|---|---|---|---|
| 001 | 45499 | ||
| 003 | |||
| 040 | |||
| 090 | |a REV0780 (36)1998 | ||
| 100 | |a Ruano Estrada, Jorge | ||
| 245 | |a Los acuerdos de paz y la reforma estructurakl y democratica del estado / |c Jorge Ruano Estrada | ||
| 650 | |a DEMOCRATIZACION | ||
| 650 | |a MANTENIMIENTO DE LA PAZ | ||
| 650 | |a MODERNIZACION | ||
| 650 | |a REFORMA POLITICA | ||
| 773 | |g número36, IV Epoca (1998), páginas 9-23 | ||
| 999 | |c 22460 |d 22460 | ||
